LEADER 03313 am 22005773u 450 001 9910140401503321 005 20230803032315.0 010 $a9780615849782 035 $a(CKB)2670000000557872 035 $a(SSID)ssj0001666877 035 $a(PQKBManifestationID)16455771 035 $a(PQKBTitleCode)TC0001666877 035 $a(PQKBWorkID)15000956 035 $a(PQKB)10395980 035 $a(WaSeSS)IndRDA00056551 035 $a(oapen)https://directory.doabooks.org/handle/20.500.12854/30526 035 $a(EXLCZ)992670000000557872 100 $a20160829h20132013 fy 0 101 0 $aeng 135 $aurmn#---||||| 181 $ctxt$2rdacontent 182 $cc$2rdamedia 183 $acr$2rdacarrier 200 10$aCommonist tendencies $emutual aid beyond communism /$fJeff Shantz 210 $aBrooklyn, NY$cpunctum books$d2013 210 1$aBrooklyn, New York :$cpunctum books,$d2013. 210 4$d©2013 215 $a1 online resource (96 pages) $cillustrations; digital, PDF file(s) 300 $aBibliographic Level Mode of Issuance: Monograph 311 08$aPrint version: 0615849784 320 $aIncludes bibliographical references. 330 $aAs capitalist societies in the twenty-first century move from crisis to crisis, oppositional movements in the global North have been somewhat stymied (despite ephemeral manifestations like Occupy), confronted with the pressing need to develop organizational infrastructures that might prepare the ground for a real, and durable, alternative. More and more, the need to develop shared infrastructural resources ? what Shantz terms ?infrastructures of resistance? ? becomes apparent. Ecological disaster (through crises of capital), economic crisis, political austerity, and mass produced fear and phobia all require organizational preparation ? the common building of real world alternatives. There is, as necessary as ever, a need to think through what we, as non-elites, exploited, and oppressed, want and how we might get it. There is an urgency to pursue constructive approaches to meet common needs. For many, the constructive vision and practice for meeting social needs (individual and collective) is expressed as commonism ? an aspiration of mutual aid, sharing, and common good or common wealth collectively determined and arrived at. The term commonsim is a useful way to discuss the goals and aspirations of oppositional movements, the movement of movements, because it returns to social struggle the emphasis on commonality ? a common wealth ? that has been lost in the histories of previous movements that subsumed the commons within mechanisms of state control, regulation, and accounting ? namely communism. 606 $aPolitical theory 606 $aPolitical science$xCommunism 606 $aSocial change 606 $aMutualism 610 $apolitical theory 610 $aactivism 610 $acommonism 610 $acultural studies 610 $aanarchism 615 0$aPolitical theory. 615 0$aPolitical science$xCommunism. 615 0$aSocial change. 615 0$aMutualism. 700 $aShantz$b Jeff$0802587 801 0$bPQKB 801 2$bUkMaJRU 912 $a9910140401503321 996 $aCommonist tendencies$92220835 997 $aUNINA LEADER 03712nam 22004933 450 001 9910872341003321 005 20251116143021.0 010 $a9783428459698 010 $a3428459695 035 $a(CKB)5580000000377002 035 $a(MiAaPQ)EBC7101035 035 $a(Au-PeEL)EBL7101035 035 $a(OCoLC)1347025987 035 $a(Exl-AI)7101035 035 $a(EXLCZ)995580000000377002 100 $a20221219d2022 uy 0 101 0 $ager 135 $aurcnu|||||||| 181 $ctxt$2rdacontent 182 $cc$2rdamedia 183 $acr$2rdacarrier 200 10$aBeiträge Zur Bevölkerungsökonomie 205 $a1st ed. 210 1$aBerlin :$cDuncker & Humblot,$d2022. 210 4$d©1986. 215 $a1 online resource (239 pages) 225 1 $aSchriften des Vereins für Socialpolitik 311 08$a9783428059690 311 08$a3428059697 327 $aVorwort des Herausgebers -- Inhaltsverzeichnis -- Klaus F. Zimmermann, Mannheim: Die ökonomische Theorie der Familie -- 1. Problemstellung -- 2. Empirische Befunde zum familialen Verhalten -- 3. Ökonomische Theorie der Familie -- 3.1 Ansätze und Konzepte -- 3.2 Ein mikrotheoretisches Modell familialer Entscheidungen -- 3.3 Probleme der empirischen Modellspezifikation -- 3.4 Empirische Ergebnisse zum familien-ökonomischen Ansatz -- 3.5 Familienpolitische Maßnahmen zur Beeinflussung des generativen Verhaltens -- 4. Einige spezielle familienökonomische Aspekte -- 4.1 Die Rolle der Präferenzen -- 4.2 Mortalität und Fertilität -- 4.3 Fertilität und ökonomische Aktivität -- 4.4 Zeit- und Ressourcenallokation und Fertilität -- 4.5 Timing und Spacing -- 4.6 Sozialistische Modelle der Fertilität -- 4.7 Ökonomische Theorie der Partnerschaft -- 5. Perspektiven der Forschung -- 5.1 Bewertung des Standes der Forschung -- 5.2 Empirisch-methodische Aspekte -- 5.3 Neue Forschungsschwerpunkte -- Literaturverzeichnis -- Gerhard Schmitt-Rink, Bochum: Demographische Variablen in der ökonomischen Wachstumstheorie -- A. Wachstums- und Schrumpfungsmodelle mit exogener Bevölkerung -- I. Wirtschaftswachstum bei wachsender Bevölkerung -- II. Wirtschaftswachstum bei schrumpfender Bevölkerung -- B. Wachstums- und Schrumpfungsmodelle mit endogener Bevölkerungsentwicklung -- I. Interdependenz von Bevölkerungs- und Wirtschaftsentwicklung bei konstanten Skalenerträgen$7Generated by AI. 330 $aThis scholarly work, edited by Bernhard Felderer, compiles contributions from various economists and social scientists discussing the interplay between economic systems and demographic changes. The book explores the economic theories of fertility, family dynamics, and migration, as well as the influence of technical progress on economic and demographic variables. It highlights significant research on population economics, particularly within the German-speaking context, and provides insights into the relationship between demographic shifts and economic factors. The text is intended for academics, students, and practitioners interested in the intersection of economics and demography, offering both theoretical models and empirical analyses.$7Generated by AI. 410 0$aSchriften des Vereins für Socialpolitik 606 $aDemography$7Generated by AI 606 $aFertility, Human$7Generated by AI 615 0$aDemography 615 0$aFertility, Human 700 $aFelderer$b Bernhard$0124859 801 0$bMiAaPQ 801 1$bMiAaPQ 801 2$bMiAaPQ 906 $aBOOK 912 $a9910872341003321 996 $aBeiträge zur Bevölkerungsökonomie$94178329 997 $aUNINA